Statistiken für Edelstein Quiz

Klicken Sie hier um das Quiz zu spielen!

Allgemein

  • Dieses Quiz wurde 145 mal gespielt
    (93 seit der letzten Aktualisierung)
  • Das Durchschnittsergebnis liegt bei 7 aus 16

Antwortstatistiken

Antwort% Korrekt
Diamant
99%
Rubin
92%
Smaragd
89%
Saphir
75%
Rosenquarz
56%
Opal
48%
Amethyst
40%
Bergkristall
33%
Tigerauge
30%
Topas
26%
Obsidian
25%
Aquamarin
21%
Katzengold
19%
Achat
16%
Amazonit
1%
Sodalith
1%

Verteilung der Resultate

Perzentil nach korrekt beantworteten Fragen

Anzahl Personen mit jedem Resultat

Ihre Resultats-Entwicklung

Sie haben dieses Quiz seit der letzten Aktualisierung nicht gespielt